Soccer Jersey Numbers Click Quiz - Statistics

General Stats
  • This quiz has been taken 2,019 times
    2,017 since last reset
  • The average score is 11 of 20
Answer Stats
Hint Answer % Correct
Lionel Messi 10
90%
Cristiano Ronaldo 7
90%
Manuel Neuer 1
85%
Trent Alexander-Arnold 66
74%
Gianluigi Donnarumma 99
69%
Phil Foden 47
67%
Steven Gerrard 8
64%
Kevin De Bruyne 17
62%
Ronaldo 9
61%
Cafu 2
59%
Paolo Maldini 3
54%
Declan Rice 41
46%
Didier Drogba 11
45%
Cesc Fabregas 4
41%
Granit Xhaka 34
40%
Johann Cruyff 14
38%
Andrea Pirlo 21
34%
Mario Balotelli 45
33%
Roy Keane 16
28%
Nicolas Anelka 39
20%
No matching quizzes found
Score Distribution
Percent of People with Each Score
Percentile by Number Answered
Your Score History
You have not taken this quiz since the last reset